Innovation and regulation (Registro nro. 25669)

Detalles MARC
000 -LEADER
fixed length control field 00329 a2200109 4500
001 - CONTROL NUMBER
control field ART_11615
005 - DATE AND TIME OF LATEST TRANSACTION
control field 20260410161858.0
008 - FIXED-LENGTH DATA ELEMENTS--GENERAL INFORMATION
fixed length control field 260409a
100 1# - MAIN ENTRY--PERSONAL NAME
Personal name Bailey, Elizabeth E.
245 10 - TITLE STATEMENT
Title Innovation and regulation
773 0# - HOST ITEM ENTRY
Title Journal of public economics
Related parts - Vol. 5, Nº 3/4 (abr./mayo. 1976)
Record control number REV11485

No hay ítems disponibles.